Anyone who is not looking at Asia should be (Record no. 83681)

MARC details
000 -LEADER
fixed length control field 01079cab a22003015a 4500
001 - CONTROL NUMBER
control field L154595
008 - FIXED-LENGTH DATA ELEMENTS--GENERAL INFORMATION
fixed length control field 120103e20111111xxk f 000 0 eng d
035 ## - SYSTEM CONTROL NUMBER
System control number (Sirsi) u154595
041 0# - LANGUAGE CODE
Language code of text/sound track or separate title eng
100 1# - MAIN ENTRY--PERSONAL NAME
Personal name Wright, Emily
245 00 - TITLE STATEMENT
Title Anyone who is not looking at Asia should be
260 ## - PUBLICATION, DISTRIBUTION, ETC.
Date of publication, distribution, etc. 2011
490 ## - SERIES STATEMENT
Series statement Building
Volume/sequential designation 276 (8705) 25 November 2011, 36-39(4)
520 ## - SUMMARY, ETC.
Summary, etc. Discusses the opportunity for UK construction companies to win work in Asia in 2012 and beyond: why now? the opportunities, the right approach, and the challenges. Snapshot overview of China, India, Malaysia, Indonesia and Japan includes annual construction spend/value, largest national companies, UK firms already operating there, and useful contacts.
590 ## - LOCAL NOTE (RLIN)
Local note KA
651 #4 - SUBJECT ADDED ENTRY--GEOGRAPHIC NAME
Geographic name United Kingdom
Chronological subdivision
651 #4 - SUBJECT ADDED ENTRY--GEOGRAPHIC NAME
Geographic name China
651 #4 - SUBJECT ADDED ENTRY--GEOGRAPHIC NAME
Geographic name India
651 #4 - SUBJECT ADDED ENTRY--GEOGRAPHIC NAME
Geographic name Malaysia
Chronological subdivision 1965-
651 #4 - SUBJECT ADDED ENTRY--GEOGRAPHIC NAME
Geographic name Indonesia
651 #4 - SUBJECT ADDED ENTRY--GEOGRAPHIC NAME
Geographic name Japan
651 #4 - SUBJECT ADDED ENTRY--GEOGRAPHIC NAME
Geographic name South Asia
651 #4 - SUBJECT ADDED ENTRY--GEOGRAPHIC NAME
Geographic name North Asia
651 #4 - SUBJECT ADDED ENTRY--GEOGRAPHIC NAME
Geographic name ASEAN
651 #4 - SUBJECT ADDED ENTRY--GEOGRAPHIC NAME
Geographic name Asia Pacific
690 ## - LOCAL SUBJECT ADDED ENTRY--TOPICAL TERM (OCLC, RLIN)
Topical term or geographic name as entry element BUILT ENVIRONMENT-CONSTRUCTION MARKET
942 ## - ADDED ENTRY ELEMENTS (KOHA)
Suppress in OPAC 0
Holdings
Withdrawn status Lost status Source of classification or shelving scheme Damaged status Not for loan Home library Current library Shelving location Date acquired Total Checkouts Full call number Barcode Date last seen Copy number Price effective from Koha item type
    Dewey Decimal Classification     London London Journal article 03/01/2012   L154595 154595-1001 06/08/2019 1 06/08/2019 Journal article